| 000 | 00000nam##2200000za#4500 |
| 001 | 9.534935 |
| 003 | CaOODSP |
| 005 | 20220328113240 |
| 007 | ta |
| 008 | 150406|2001||||xxc||||| f|0| 0 fre|d |
| 020 | |a0-660-61605-X |
| 040 | |aCaOODSP|bfre |
| 041 | |aeng |
| 041 | |afre |
| 043 | |an-cn--- |
| 086 | 1 |aC21-25/20-2001 |
| 110 | 1 |aCanada. |bIndustrie Canada. |
| 245 | 10|aL'intégration économique de l'Amérique du nord : |bproblématique et recherche future / |cpar Richard G. Harris. |
| 260 | |aOttawa - Ontario : |bIndustrie Canada |c2001. |
| 300 | |aTexte français, 56p. : |c28 cm. |
| 490 | 1 |aDocument de discussion|v10 |
| 504 | |aBibliographie. |
| 546 | |aBilingue |
| 563 | |aCouverture souple |
| 590 | |a02-01|b2002-01-04 |
| 691 | 07|aLibre-échange|2gcpds |
| 691 | 07|aPolitique économique|2gcpds |
| 691 | 07|aRelations canado-américaines|2gcpds |
| 720 | 1 |aHarris, Richard |
| 776 | 0#|tNorth American economic integration |w(CaOODSP)9.571962 |
| 776 | 0#|tL'intégration économique de l'Amérique du nord |w(CaOODSP)9.602382 |
| 791 | |tNorth American economic integration : |eeng|w(CaOODSP)9.534934 |
| 830 | #0|aDocument de discussion ;|v10|w(CaOODSP)9.509055 |